00411nam a2200193Ia 4500003000900000008004100009040001300050040001300063041000800076100001900084245001600103250001200119260001200131260000900143300001100152300001200163490003600175490000600211IT-RoPAU120407s9999 xx 000 0 und d aIT-RoPAU cIT-RoPAU aita aAndré Parrot aGli Assiri. aMilano  aRizzoli c1981 a384 p. c19,5 cm aIl mondo della figura Bur Arte v1